000 01476nam a2200361 i 4500
001 764
005 20250902200240.0
008 121119s2002 sp a gs 000 j spa d
020 _a842612268X
020 _a9788426122681
040 _aCO-BoRNBP
_bspa
_cCO-BoRNBP
_erda
041 _aspa
084 _aC BRO4
100 1 _aBroger, Achim,
_d1944-
_eautor
_964649
245 1 0 _aAdiós, querida ballena
_cAchim Broger ; ilustraciones, Gisela Kalow ; traducción, Herminia Dauer
250 _aSexta edición
264 1 _aBarcelona
_bJuventud
_c2002
300 _a28 páginas
_bilustraciones a color
_c24 cm
336 _atexto
_btxt
_2rdacontent
337 _asin mediación
_bn
_2rdamedia
338 _avolumen
_bnc
_2rdacarrier
490 _aCuadrada
520 3 _aDespués de haber vivido una temporada con sus amigos Enrique y María, la pequeña ballena decide volver al mar, su verdadera casa. A medida que los tres amigos se acercan al mar, la ballena crece más y más. La ballena al alejarse del mar se había encogido
650 1 4 _aCuentos infantiles alemanes
_ySiglo XX
_2LEMB
_9773
650 1 4 _aLiteratura infantil alemana
_ySiglo XX
_2LEMB
_9774
650 1 4 _aFábulas
_vCuentos
_2LEMB
_964650
650 1 4 _aBallenas
_vCuentos
_2LEMB
_964651
650 1 4 _aFantasía
_vCuentos
_2LEMB
_91498
650 1 4 _aLibros y lecturas para niños
_2LEMB
_92410
700 1 _aKalow, Gisela,
_dilustrador
_964652
700 1 _aDauer, Herminia,
_dtraductor
_964653
942 _2loc
_cBKLIT
999 _c764
_d764